[Event "XIII Festival A"]
[Site "Verona ITA"]
[Date "2007.01.06"]
[Round "6"]
[White "Capitelli, Paolo"]
[Black "Massa, Giovanni"]
[Result "0-1"]
[WhiteElo "2155"]
[BlackElo "2109"]
[PlyCount "122"]
[EventDate "2007.01.03"]

1. e4 c5 2. Nf3 e6 3. d4 cxd4 4. Nxd4 Nf6 5. Nc3 d6 6. Be2 a6 7. O-O Be7 8. f4
Qc7 9. a4 Nc6 10. Be3 O-O 11. Kh1 Re8 12. Bf3 Rb8 13. Qe2 Nxd4 14. Bxd4 e5 15.
Be3 exf4 16. Bxf4 Be6 17. Qf2 Rbc8 18. Qg3 Nd7 19. Be2 Ne5 20. Bxe5 dxe5 21.
Bg4 Rcd8 22. Bxe6 fxe6 23. Rad1 Bb4 24. Rxd8 Rxd8 25. h3 Qc4 26. Re1 Bxc3 27.
bxc3 Qc5 28. Qg4 Qc4 29. Qg5 Qc7 30. Rf1 Rf8 31. Rxf8+ Kxf8 32. Qg3 g6 33. Kg1
Qc5+ 34. Kh2 Kg7 35. Qd3 Qc7 36. Qg3 Qc5 37. h4 h6 38. h5 g5 39. Qh3 Qd6 40.
Qd3 Qc7 41. c4 Qf7 42. g4 Qf2+ 43. Kh1 Qh4+ 44. Kg1 Qxg4+ 45. Kf1 Qxh5 46. Ke1
Qh4+ 47. Kf1 Qh1+ 48. Kf2 Qh2+ 49. Kf1 Qf4+ 50. Kg1 Kg6 51. Qd7 Qc1+ 52. Kh2
Qxc2+ 53. Kg1 Qxe4 54. Qxe6+ Kh5 55. Qf7+ Kh4 56. Qd7 Kg3 57. Kf1 Qf4+ 58. Ke2
Qxc4+ 59. Ke1 Qe4+ 60. Kf1 Qf3+ 61. Ke1 Qf2+ 0-1

[Event "XIII Festival A"]
[Site "Verona ITA"]
[Date "2007.01.06"]
[Round "6"]
[White "Cazzaniga, Walter"]
[Black "Brigati, Alessandro"]
[Result "1-0"]
[WhiteElo "2157"]
[BlackElo "2111"]
[PlyCount "97"]
[EventDate "2007.01.03"]

1. d4 Nf6 2. c4 e6 3. Nf3 b6 4. g3 Bb7 5. Bg2 d5 6. Ne5 Bb4+ 7. Bd2 Bxd2+ 8.
Nxd2 O-O 9. O-O Nbd7 10. Nxd7 Qxd7 11. Qc2 c5 12. dxc5 bxc5 13. cxd5 Bxd5 14.
e4 Bb7 15. Rfd1 Rac8 16. Nc4 Qc7 17. Nd6 Rcd8 18. Nxb7 Qxb7 19. e5 Nd5 20. b3
Qc7 21. Rac1 Qxe5 22. Qxc5 Qe2 23. Bxd5 exd5 24. Rxd5 Rxd5 25. Qxd5 Qxa2 26.
Rc7 h6 27. h4 a6 28. Kg2 Qa1 29. Ra7 Qc3 30. Rxa6 Rb8 31. Ra8 Qb4 32. Rxb8+
Qxb8 33. Qc4 Qa8+ 34. Kh2 g5 35. hxg5 hxg5 36. Qc5 f6 37. b4 Kg7 38. b5 Qf3 39.
b6 Kg6 40. Qc2+ f5 41. Qb2 Qb7 42. Kg1 Kh5 43. Qe2+ Kg6 44. Qe6+ Kh5 45. Qb3 f4
46. gxf4 g4 47. Qe3 g3 48. Qxg3 Kh6 49. Qh3+ 1-0

[Event "XIII Festival A"]
[Site "Verona ITA"]
[Date "2007.01.06"]
[Round "6"]
[White "Frigieri, Fabrizio"]
[Black "Valsecchi, Alessio"]
[Result "0-1"]
[WhiteElo "2088"]
[BlackElo "2096"]
[PlyCount "110"]
[EventDate "2007.01.03"]

1. e4 c5 2. Nf3 Nc6 3. d4 cxd4 4. Nxd4 g6 5. Nc3 Bg7 6. Be3 Nf6 7. Nxc6 bxc6 8.
e5 Ng8 9. Bd4 Qc7 10. e6 Nf6 11. exd7+ Bxd7 12. Be2 O-O 13. O-O Rfd8 14. Qe1 e5
15. Bc5 Nd5 16. Bc4 Be6 17. Bb3 Nf4 18. Qe3 Bd5 19. f3 Ne6 20. Rad1 Qa5 21. Ne4
Bxb3 22. axb3 Nxc5 23. Qxc5 Qxc5+ 24. Nxc5 Rd5 25. Nd3 Rad8 26. Ra1 f5 27. Rfe1
a5 28. Ra4 Re8 29. Rc4 e4 30. Rxc6 exd3 31. Rxe8+ Kf7 32. Re1 d2 33. Rd1 Bxb2
34. Kf1 f4 35. Ke2 Bc1 36. Rc7+ Kg8 37. Rc4 g5 38. Rc7 h5 39. h3 Re5+ 40. Kf2
Rd5 41. Rc3 Kf7 42. Rd3 Rxd3 43. cxd3 Ke6 44. Ke2 Kd5 45. Rxd2 Bxd2 46. Kxd2
Kd4 47. Kc2 Ke3 48. Kc3 Kf2 49. d4 Kxg2 50. d5 g4 51. hxg4 hxg4 52. fxg4 f3 53.
d6 f2 54. d7 f1=Q 55. d8=Q Qc1+ 0-1

[Event "XIII Festival A"]
[Site "Verona ITA"]
[Date "2007.01.06"]
[Round "6"]
[White "Guido, Flavio"]
[Black "Borsos, Bogdan"]
[Result "1/2-1/2"]
[WhiteElo "2313"]
[BlackElo "2293"]
[PlyCount "26"]
[EventDate "2007.01.03"]

1. e4 e5 2. Nf3 Nc6 3. Bc4 Nf6 4. d3 Be7 5. O-O O-O 6. Re1 d6 7. a4 Na5 8. Ba2
c5 9. Nbd2 Nc6 10. c3 Kh8 11. Nf1 Be6 12. Ng3 Bxa2 13. Rxa2 d5 1/2-1/2

[Event "XIII Festival A"]
[Site "Verona ITA"]
[Date "2007.01.06"]
[Round "6"]
[White "Jurkovic, Ante"]
[Black "Dvirnyy, Danyyil"]
[Result "1/2-1/2"]
[WhiteElo "2348"]
[BlackElo "2351"]
[PlyCount "43"]
[EventDate "2007.01.03"]

1. e4 c5 2. Nf3 d6 3. d4 cxd4 4. Nxd4 Nf6 5. Nc3 g6 6. Be3 Bg7 7. f3 O-O 8. Qd2
Nc6 9. Bc4 Bd7 10. Bb3 Na5 11. Bh6 Bxh6 12. Qxh6 Nxb3 13. axb3 e5 14. Nde2 Bc6
15. h4 d5 16. exd5 Bxd5 17. O-O-O Qa5 18. Qg5 Qa1+ 19. Kd2 Qa6 20. Kc1 Qa1+ 21.
Kd2 Qa6 22. Kc1 1/2-1/2

[Event "XIII Festival A"]
[Site "Verona ITA"]
[Date "2007.01.06"]
[Round "6"]
[White "Martorelli, Antonio"]
[Black "Mola, Pietro"]
[Result "0-1"]
[WhiteElo "2261"]
[BlackElo "2274"]
[PlyCount "88"]
[EventDate "2007.01.03"]

1. e4 e6 2. Nc3 d5 3. d4 Nf6 4. e5 Nfd7 5. Nf3 c5 6. Bf4 Nc6 7. Bb5 a6 8. Bxc6
bxc6 9. O-O cxd4 10. Nxd4 Bb7 11. Re1 c5 12. Nde2 d4 13. Na4 g5 14. Bd2 Qc7 15.
b3 Qc6 16. f3 g4 17. Nf4 gxf3 18. g3 f2+ 19. Kxf2 Bh6 20. Rg1 Nxe5 21. Qh5 Bg7
22. Rae1 Qf3+ 23. Qxf3 Nxf3 24. Nxc5 Nxe1 25. Nxb7 Nxc2 26. Rc1 Ne3 27. Nd6+
Kd7 28. Ne4 Rhc8 29. Nc5+ Ke8 30. Kf3 Nf1 31. Bb4 Nxh2+ 32. Ke2 Ng4 33. Rh1 Nf6
34. Nfd3 h6 35. Rf1 Nd5 36. Ne4 Rc2+ 37. Kf3 f5 38. Nd6+ Kd7 39. Nc4 Rc8 40.
Re1 Rxa2 41. Nc5+ Rxc5 42. Bxc5 Rc2 43. Ra1 e5 44. Rxa6 e4# 0-1

[Event "XIII Festival A"]
[Site "Verona ITA"]
[Date "2007.01.06"]
[Round "6"]
[White "Ortega, Lexy"]
[Black "Luciani, Valerio"]
[Result "1-0"]
[WhiteElo "2430"]
[BlackElo "2241"]
[PlyCount "49"]
[EventDate "2007.01.03"]

1. d4 d5 2. Bf4 Nf6 3. e3 g6 4. Nf3 Bg7 5. Be2 O-O 6. Nc3 c6 7. Ne5 Be6 8. h4
Nfd7 9. h5 Nxe5 10. Bxe5 f6 11. Bxb8 Rxb8 12. hxg6 hxg6 13. Bd3 f5 14. Qf3 Bf7
15. g4 e6 16. O-O-O Re8 17. Rdg1 Kf8 18. Ne2 e5 19. dxe5 Rxe5 20. gxf5 Qf6 21.
Qg3 gxf5 22. Nd4 Rbe8 23. Rh7 Bh8 24. Qh2 Ke7 25. Rh6 1-0

[Event "XIII Festival A"]
[Site "Verona ITA"]
[Date "2007.01.06"]
[Round "6"]
[White "Pomaro, Alberto"]
[Black "Luciani, Carlo"]
[Result "1-0"]
[WhiteElo "2054"]
[BlackElo "2262"]
[PlyCount "111"]
[EventDate "2007.01.03"]

1. d4 c5 2. d5 e6 3. e4 exd5 4. exd5 d6 5. Nf3 Nf6 6. Bb5+ Bd7 7. Bxd7+ Qxd7 8.
O-O Be7 9. c4 O-O 10. Nc3 Qg4 11. Re1 Re8 12. b3 a6 13. a4 Nbd7 14. Bb2 Nf8 15.
Nd2 Qd7 16. a5 Bd8 17. Nce4 Nxe4 18. Rxe4 Ng6 19. Rxe8+ Qxe8 20. Qg4 Be7 21.
Ne4 Qc8 22. Qg3 Qd7 23. Re1 h6 24. h4 h5 25. Qc3 Bf8 26. Ng3 Nxh4 27. Re4 Nf5
28. Nxh5 Nd4 29. Nf6+ gxf6 30. Qg3+ Bg7 31. Bxd4 Qf5 32. Rg4 Qb1+ 33. Kh2 Qh7+
34. Rh4 Qg6 35. Rg4 Qh7+ 36. Rh4 Qg6 37. Bc3 Qxg3+ 38. Kxg3 f5 39. Bxg7 Kxg7
40. Kf4 Re8 41. Kg5 f6+ 42. Kxf5 Re5+ 43. Kf4 Re2 44. Kf5 Re5+ 45. Kf4 Re2 46.
f3 Rxg2 47. Kf5 Re2 48. Rg4+ Kf7 49. Re4 Rb2 50. Re3 Rb1 51. f4 Rb2 52. Rh3 Kg7
53. Ke6 Ra2 54. Rg3+ Kf8 55. Kxd6 Rxa5 56. Kc7 1-0

[Event "XIII Festival A"]
[Site "Verona ITA"]
[Date "2007.01.06"]
[Round "6"]
[White "Ricci, Alfredo"]
[Black "Facchetti, Gianni"]
[Result "0-1"]
[WhiteElo "2059"]
[BlackElo "2147"]
[PlyCount "73"]
[EventDate "2007.01.03"]

1. e4 e5 2. Nc3 Nf6 3. f4 d5 4. fxe5 Nxe4 5. Nf3 Bg4 6. d3 Nxc3 7. bxc3 c5 8.
h3 Bh5 9. g4 Bg6 10. Bg2 Be7 11. O-O Nc6 12. Rb1 b6 13. Bf4 Rc8 14. Qe2 O-O 15.
h4 Bxh4 16. Nxh4 Qxh4 17. Bxd5 h5 18. gxh5 Bxh5 19. Qg2 Qg4 20. Bg3 Ne7 21. Rf4
Qd7 22. Be4 Bg6 23. Bf3 Bf5 24. Rf1 Bh3 25. Qh2 Ng6 26. Be4 Bxf1 27. Rxf1 Rce8
28. Qh5 Re6 29. Rf2 Rfe8 30. Rh2 Rxe5 31. Qh7+ Kf8 32. Bxg6 fxg6 33. Qxg6 Kg8
34. Qh7+ Kf7 35. Rf2+ Ke6 36. Bxe5 Kxe5 37. Re2+ 0-1

[Event "XIII Festival A"]
[Site "Verona ITA"]
[Date "2007.01.06"]
[Round "6"]
[White "Rombaldoni, Axel"]
[Black "Rahal, Michael A."]
[Result "0-1"]
[WhiteElo "2218"]
[BlackElo "2390"]
[PlyCount "76"]
[EventDate "2007.01.03"]

1. e4 e6 2. d4 d5 3. Nc3 Bb4 4. a3 Bxc3+ 5. bxc3 dxe4 6. Qg4 Nf6 7. Qxg7 Rg8 8.
Qh6 Nbd7 9. Nh3 b6 10. Ng5 Rg6 11. Qh4 Bb7 12. Nxh7 Nxh7 13. Qxh7 Qf6 14. Qh3
O-O-O 15. Qe3 Qe7 16. Bb2 f5 17. O-O-O Nf6 18. c4 Rf8 19. f3 f4 20. Qb3 e3 21.
d5 exd5 22. Bd3 Rxg2 23. cxd5 e2 24. Rde1 Qe3+ 25. Kb1 Nxd5 26. h4 Ne7 27. h5
Bxf3 28. h6 Rg3 29. Ba6+ Bb7 30. Qxe3 Rxe3 31. h7 Ng6 32. Bxb7+ Kxb7 33. h8=Q
Nxh8 34. Bxh8 f3 35. Bg7 Rf7 36. Bd4 f2 37. Bxe3 f1=Q 38. Rhxf1 exf1=Q 0-1

[Event "XIII Festival A"]
[Site "Verona ITA"]
[Date "2007.01.06"]
[Round "6"]
[White "Sbarra, Marco"]
[Black "Gromovs, Sergejs"]
[Result "0-1"]
[WhiteElo "2290"]
[BlackElo "2347"]
[PlyCount "127"]
[EventDate "2007.01.03"]

1. c4 b5 2. cxb5 a6 3. bxa6 Bxa6 4. g3 Bb7 5. Nf3 h5 6. Bg2 e6 7. Nc3 g5 8. e4
h4 9. d4 Be7 10. Qb3 Ba6 11. Be3 Nc6 12. a3 Na5 13. Qc2 Nc4 14. Bc1 c5 15. b3
g4 16. Ne5 Nxe5 17. dxe5 Bg5 18. Nd1 Rh5 19. Bb2 hxg3 20. hxg3 Rxh1+ 21. Bxh1
Qa5+ 22. Qc3 Qb5 23. Qc4 Qb6 24. Qc3 Rb8 25. Bc1 Qb5 26. Qc4 Qa5+ 27. Qc3 Qb5
28. Qc4 Qa5+ 29. Qc3 Qxc3+ 30. Nxc3 Bxc1 31. Rxc1 Rxb3 32. Nd1 c4 33. Ne3 Nh6
34. Bg2 Rxa3 35. Bf1 Ke7 36. Bxc4 Bb7 37. Be2 Bxe4 38. Nxg4 Nxg4 39. Bxg4 Ra2
40. Rc4 Bd5 41. Rd4 Bc6 42. Be2 f6 43. exf6+ Kxf6 44. f4 e5 45. Rd2 Ra3 46. Rd3
Ra1+ 47. Rd1 Ra5 48. fxe5+ Kxe5 49. Kf2 d5 50. Rc1 Bd7 51. Rh1 Be8 52. Rh8 Bg6
53. Rg8 Be4 54. Re8+ Kd4 55. g4 Ra7 56. Rb8 Rf7+ 57. Ke1 Re7 58. Kd2 Rh7 59.
Rb4+ Ke5 60. Rb8 Rh2 61. Re8+ Kd4 62. Re7 Rg2 63. Re8 Rg3 64. Ra8 {...} 0-1

[Event "XIII Festival A"]
[Site "Verona ITA"]
[Date "2007.01.06"]
[Round "6"]
[White "Sikula, Vaszilij"]
[Black "Stojanovic, Mihajlo"]
[Result "1/2-1/2"]
[WhiteElo "2515"]
[BlackElo "2576"]
[PlyCount "34"]
[EventDate "2007.01.03"]

1. e4 e5 2. Nf3 Nf6 3. Nxe5 d6 4. Nf3 Nxe4 5. d4 d5 6. Bd3 Nc6 7. O-O Be7 8. c4
Nb4 9. Be2 O-O 10. Nc3 Bf5 11. a3 Nxc3 12. bxc3 Nc6 13. cxd5 Qxd5 14. Bf4 Bd6
15. c4 Qe4 16. Bxd6 cxd6 17. Re1 Rfe8 1/2-1/2

[Event "XIII Festival A"]
[Site "Verona ITA"]
[Date "2007.01.06"]
[Round "6"]
[White "Vincenzi, Marco"]
[Black "Loi, Andrea"]
[Result "1-0"]
[WhiteElo "2057"]
[BlackElo "2042"]
[PlyCount "49"]
[EventDate "2007.01.03"]

1. d4 d6 2. c4 e5 3. dxe5 dxe5 4. Qxd8+ Kxd8 5. Nc3 Be6 6. b3 c6 7. Nf3 f6 8.
Bb2 Nd7 9. g3 Kc7 10. Bg2 Ne7 11. O-O Nf5 12. Rfd1 Be7 13. Rac1 Kd8 14. e3 Ke8
15. Nd2 Kf7 16. Nd5 Nxg3 17. hxg3 cxd5 18. cxd5 Bf5 19. Rc7 Rhd8 20. Ne4 Bxe4
21. Bxe4 Nc5 22. Bxh7 Kf8 23. Bg6 b6 24. Kg2 Na6 25. Rh1 1-0

[Event "XIII Festival A"]
[Site "Verona ITA"]
[Date "2007.01.07"]
[Round "7"]
[White "Borsos, Bogdan"]
[Black "Sikula, Vaszilij"]
[Result "1/2-1/2"]
[WhiteElo "2293"]
[BlackElo "2515"]
[PlyCount "54"]
[EventDate "2007.01.03"]

1. e4 c5 2. c3 d5 3. exd5 Qxd5 4. d4 Nf6 5. Nf3 Bg4 6. Be2 e6 7. h3 Bh5 8. O-O
Nc6 9. Be3 cxd4 10. cxd4 Be7 11. Nc3 Qd6 12. Qb3 O-O 13. Rfd1 Rfd8 14. Rac1
Rac8 15. Qxb7 Rb8 16. Qa6 Rb6 17. Qa4 Rxb2 18. d5 exd5 19. Nxd5 Nxd5 20. Bb5
Qb8 21. Bxa7 Qb7 22. Qa6 Qxa6 23. Bxa6 Rxa2 24. Bc5 Bxc5 25. Rxc5 Bxf3 26. gxf3
Rxa6 27. Rcxd5 Rxd5 1/2-1/2

[Event "XIII Festival A"]
[Site "Verona ITA"]
[Date "2007.01.07"]
[Round "7"]
[White "Bozzali, Ermanno"]
[Black "Teodonio, Fabrizio"]
[Result "1-0"]
[WhiteElo "2062"]
[BlackElo "2064"]
[PlyCount "59"]
[EventDate "2007.01.03"]

1. d4 Nf6 2. c4 g6 3. Nc3 Bg7 4. Nf3 d6 5. Bf4 Bf5 6. e3 Na6 7. Be2 c5 8. O-O
Nh5 9. Bg5 h6 10. Bh4 Nf6 11. h3 O-O 12. g4 Bd7 13. d5 Qa5 14. Qd2 Nc7 15. e4
Kh7 16. Bg3 b5 17. cxb5 Nfe8 18. a4 a6 19. Ra2 Bxc3 20. bxc3 axb5 21. Rfa1 bxa4
22. Bd1 Nf6 23. Qe3 Nfxd5 24. exd5 Nxd5 25. Qe1 Nxc3 26. Qxe7 Nxa2 27. Rxa2 Be6
28. Rxa4 Qb6 29. Re4 Rfe8 30. Qh4 1-0

[Event "XIII Festival A"]
[Site "Verona ITA"]
[Date "2007.01.07"]
[Round "7"]
[White "Cardili, Mariano"]
[Black "Barlocco, Carlo"]
[Result "1-0"]
[WhiteElo "2091"]
[BlackElo "2183"]
[PlyCount "111"]
[EventDate "2007.01.03"]

1. d4 Nc6 2. c4 e5 3. Nf3 exd4 4. Nxd4 g6 5. e4 Bg7 6. Be3 Nf6 7. Nc3 O-O 8.
Be2 Re8 9. f3 d6 10. Qd2 Bd7 11. O-O a6 12. Nd5 b5 13. cxb5 Nxd4 14. Bxd4 axb5
15. Nxf6+ Bxf6 16. Bxf6 Qxf6 17. a3 Ra4 18. Rfd1 Rea8 19. Rac1 R8a7 20. Qc3
Qxc3 21. Rxc3 Kf8 22. e5 Ke7 23. Rxc7 d5 24. Rxa7 Rxa7 25. Rxd5 b4 26. axb4 Rc7
27. Rd2 Rb7 28. b5 Bxb5 29. Bxb5 Rxb5 30. f4 Ke6 31. g3 g5 32. fxg5 Kxe5 33.
Rf2 Ke6 34. h4 Ke7 35. Kg2 Kf8 36. Kh3 Kg7 37. Kg4 Rb3 38. Kf4 Rb4+ 39. Ke5 Kg6
40. Kd5 Rb3 41. Rg2 f6 42. gxf6 Kxf6 43. Kc4 Rb8 44. b4 h5 45. g4 hxg4 46. Rxg4
Rc8+ 47. Kb5 Rh8 48. Kc6 Kf5 49. Rd4 Ke5 50. Rd1 Rxh4 51. b5 Rc4+ 52. Kb7 Ke6
53. b6 Ke7 54. Kb8 Ke8 55. b7 Ke7 56. Ra1 1-0

[Event "XIII Festival A"]
[Site "Verona ITA"]
[Date "2007.01.07"]
[Round "7"]
[White "Dvirnyy, Danyyil"]
[Black "Pomaro, Alberto"]
[Result "1-0"]
[WhiteElo "2351"]
[BlackElo "2054"]
[PlyCount "65"]
[EventDate "2007.01.03"]

1. e4 c6 2. d4 d5 3. Nd2 dxe4 4. Nxe4 Bf5 5. Ng3 Bg6 6. h4 h6 7. Nf3 Nd7 8. h5
Bh7 9. Bd3 Bxd3 10. Qxd3 Qc7 11. Bd2 e6 12. O-O-O Ngf6 13. Ne4 O-O-O 14. g3
Nxe4 15. Qxe4 Bd6 16. c4 c5 17. Bc3 Nf6 18. Qe2 cxd4 19. Nxd4 a6 20. Nf3 Kb8
21. Ne5 Ka8 22. Kb1 Rc8 23. Nxf7 Qxf7 24. Rxd6 Rhe8 25. Qf3 Kb8 26. Be5 Ka7 27.
c5 Qe7 28. c6 Rcd8 29. Rxd8 Rxd8 30. c7 Rc8 31. Rc1 Nd7 32. Bd4+ Ka8 33. Rc6
1-0

[Event "XIII Festival A"]
[Site "Verona ITA"]
[Date "2007.01.07"]
[Round "7"]
[White "Faccia, Sergio"]
[Black "Radice, Luca"]
[Result "1/2-1/2"]
[WhiteElo "2050"]
[BlackElo "2076"]
[PlyCount "80"]
[EventDate "2007.01.03"]

1. e4 c5 2. b4 cxb4 3. Bb2 d5 4. exd5 Qxd5 5. c4 bxc3 6. Nxc3 Qd8 7. d4 e6 8.
Nf3 Nf6 9. Bb5+ Bd7 10. Bc4 Be7 11. O-O O-O 12. d5 exd5 13. Bxd5 Bc6 14. Bb3
Qxd1 15. Raxd1 Bxf3 16. gxf3 Nc6 17. Ne4 Nxe4 18. fxe4 Rfd8 19. Rxd8+ Rxd8 20.
Rd1 Rxd1+ 21. Bxd1 Bd6 22. Bc3 Kf8 23. h3 f6 24. Kg2 Ke7 25. Kf3 Be5 26. Bd2
Kd6 27. Kg4 b5 28. f4 Bd4 29. h4 a5 30. h5 h6 31. Bb3 b4 32. Bc1 Ne7 33. a3 Kc5
34. a4 Kd6 35. Bc4 Kc5 36. Bb3 Kd6 37. Bc4 Kd7 38. Bb5+ Kc7 39. Bc4 Kc6 40. Be6
Kd6 1/2-1/2

[Event "XIII Festival A"]
[Site "Verona ITA"]
[Date "2007.01.07"]
[Round "7"]
[White "La Manna, Francesco"]
[Black "Cazzaniga, Walter"]
[Result "1/2-1/2"]
[WhiteElo "2155"]
[BlackElo "2157"]
[PlyCount "46"]
[EventDate "2007.01.03"]

1. d4 Nf6 2. c4 g6 3. Nc3 Bg7 4. e4 d6 5. f3 O-O 6. Be3 Nc6 7. Rb1 e5 8. d5 Nd4
9. Nge2 Nxe2 10. Bxe2 Nh5 11. Qd2 f5 12. b4 Nf4 13. O-O a5 14. a3 axb4 15. axb4
Ra3 16. Rfc1 Qg5 17. Bf1 fxe4 18. fxe4 Qe7 19. c5 Bd7 20. Qb2 Raa8 21. Ra1 Bh6
22. Qd2 Bg5 23. Kh1 h6 1/2-1/2

[Event "XIII Festival A"]
[Site "Verona ITA"]
[Date "2007.01.07"]
[Round "7"]
[White "Loi, Andrea"]
[Black "Frigieri, Fabrizio"]
[Result "0-1"]
[WhiteElo "2042"]
[BlackElo "2088"]
[PlyCount "41"]
[EventDate "2007.01.03"]

1. d4 d5 2. c4 e6 3. Nc3 c6 4. cxd5 exd5 5. Qc2 Be7 6. Bf4 Nf6 7. e3 O-O 8. Bd3
Be6 9. Nge2 Nbd7 10. O-O Re8 11. Rab1 a6 12. b4 b5 13. f3 Nb6 14. Bg3 a5 15. a3
axb4 16. axb4 Qd7 17. Rfd1 g6 18. Bf2 Reb8 19. Ng3 Nc4 20. Rb3 Ne8 21. Nce2 0-1

[Event "XIII Festival A"]
[Site "Verona ITA"]
[Date "2007.01.07"]
[Round "7"]
[White "Stella, Andrea"]
[Black "Martorelli, Antonio"]
[Result "0-1"]
[WhiteElo "2084"]
[BlackElo "2261"]
[PlyCount "44"]
[EventDate "2007.01.03"]

1. c4 e5 2. Nc3 Nf6 3. g3 c6 4. d4 exd4 5. Qxd4 Na6 6. Bg2 Bc5 7. Qd1 O-O 8. a3
d5 9. cxd5 cxd5 10. Nxd5 Nxd5 11. Qxd5 Qb6 12. e3 Rd8 13. Qh5 Qa5+ 14. Ke2 Qb5+
15. Kf3 Re8 16. g4 g6 17. Qd5 Be6 18. Qd1 Rad8 19. Qe2 Bc4 20. Qe1 Bd6 21. e4
Nc5 22. Ke3 Nxe4 0-1

[Event "XIII Festival A"]
[Site "Verona ITA"]
[Date "2007.01.07"]
[Round "7"]
[White "Tommasi, Daniele"]
[Black "Vincenzi, Marco"]
[Result "1-0"]
[WhiteElo "2204"]
[BlackElo "2057"]
[PlyCount "93"]
[EventDate "2007.01.03"]

1. e4 c5 2. Nf3 d6 3. d4 cxd4 4. Nxd4 Nf6 5. Nc3 g6 6. h4 Bg7 7. h5 Nxh5 8. Be3
Nc6 9. Qd2 Bd7 10. O-O-O Rc8 11. Kb1 Nxd4 12. Bxd4 Nf6 13. Nd5 e6 14. Nxf6+
Bxf6 15. Bxf6 Qxf6 16. Qxd6 Ba4 17. Bc4 Rd8 18. Qb4 Bc6 19. Bb5 Bxb5 20. Qxb5+
Kf8 21. Rxd8+ Qxd8 22. Qe5 Ke7 23. Qc5+ Qd6 24. Qxa7 Rd8 25. b3 Rd7 26. Qe3 Qd2
27. Qc5+ Ke8 28. Rxh7 Qd1+ 29. Kb2 Qd4+ 30. Qxd4 Rxd4 31. Kc3 Rxe4 32. Rh3 Ke7
33. Kd2 Rg4 34. Re3 Kd6 35. g3 e5 36. c4 f5 37. Kc3 f4 38. gxf4 exf4 39. Rd3+
Kc7 40. a4 Rg2 41. f3 g5 42. a5 Rg3 43. Kd4 g4 44. Ke4 Kc6 45. b4 b5 46. axb6
Kxb6 47. Kxf4 1-0

[Event "XIII Festival A"]
[Site "Verona ITA"]
[Date "2007.01.07"]
[Round "7"]
[White "Tramalloni, Luca"]
[Black "Bernardi, Ruben"]
[Result "1-0"]
[WhiteElo "2127"]
[BlackElo "2124"]
[PlyCount "111"]
[EventDate "2007.01.03"]

1. d4 d5 2. c4 c6 3. Nf3 Nf6 4. e3 a6 5. Nc3 Bg4 6. Be2 e6 7. O-O Nbd7 8. b3
Rc8 9. Bb2 Bd6 10. h3 Bh5 11. Ne5 Bxe2 12. Nxe2 O-O 13. Ng3 dxc4 14. bxc4 Qc7
15. f4 Rcd8 16. Qe2 c5 17. Kh1 Kh8 18. Rab1 b6 19. Rbd1 Ne8 20. Ne4 f6 21. Nf3
Be7 22. d5 Nd6 23. Nxd6 Qxd6 24. e4 exd5 25. cxd5 Qxf4 26. Nd4 Qb8 27. Nc6 Qd6
28. Nxd8 Rxd8 29. Qxa6 Rg8 30. Qb7 Ne5 31. Rf5 Nc4 32. Bc1 Qd8 33. Rff1 Bd6 34.
Qa6 Ne5 35. Bf4 Qc7 36. Rb1 Rb8 37. a4 g5 38. Bg3 Kg7 39. a5 bxa5 40. Rxb8 Qxb8
41. Qxa5 c4 42. Qc3 Qe8 43. Bxe5 Qxe5 44. Qxe5 Bxe5 45. Rc1 c3 46. g4 h5 47.
Kg2 hxg4 48. hxg4 Kf7 49. Kf3 Ke7 50. Ke2 Kd6 51. Kd3 c2 52. Rxc2 Ba1 53. Rc6+
Ke5 54. Ke3 Bd4+ 55. Kf3 Ba7 56. Re6+ 1-0

[Event "XIII Festival A"]
[Site "Verona ITA"]
[Date "2007.01.07"]
[Round "7"]
[White "Valsecchi, Alessio"]
[Black "Miatello, Alberto"]
[Result "1-0"]
[WhiteElo "2096"]
[BlackElo "2057"]
[PlyCount "63"]
[EventDate "2007.01.03"]

1. c4 Nf6 2. Nc3 g6 3. g3 Bg7 4. Bg2 O-O 5. d3 d6 6. e3 e5 7. Nge2 c6 8. b4 d5
9. Qb3 Be6 10. O-O dxc4 11. dxc4 Qd3 12. b5 Bxc4 13. bxc6 bxc6 14. Qb7 Nbd7 15.
Rd1 Qf5 16. Bxc6 Nb6 17. Ba3 Rfb8 18. Qc7 Rc8 19. Qb7 Ng4 20. Bf3 Qh5 21. h4 g5
22. Qe7 e4 23. Nxe4 gxh4 24. Nf4 Qe5 25. Bxg4 f5 26. Bxf5 Qxf5 27. Nd6 Qg4 28.
Nxc8 Rxc8 29. Rd8+ Rxd8 30. Qxd8+ Kf7 31. Rd1 Bf6 32. Qf8# 1-0

[Event "XIII Festival A"]
[Site "Verona ITA"]
[Date "2007.01.07"]
[Round "7"]
[White "Vezzosi, Paolo"]
[Black "Alberton, Roberto"]
[Result "1-0"]
[WhiteElo "2301"]
[BlackElo "2138"]
[PlyCount "57"]
[EventDate "2007.01.03"]

1. d4 Nf6 2. Nf3 d5 3. Bf4 Bf5 4. e3 e6 5. Nbd2 c5 6. Bxb8 Rxb8 7. Bb5+ Ke7 8.
dxc5 Qa5 9. Nd4 Bg4 10. Be2 Bxe2 11. Qxe2 Qxc5 12. O-O e5 13. N4f3 e4 14. Nd4
g6 15. f3 Bg7 16. fxe4 Nxe4 17. Nxe4 dxe4 18. c3 Rhf8 19. Qg4 f5 20. Qh4+ Kf7
21. Qxe4 Rfe8 22. Qf4 Rbc8 23. g4 Qe5 24. Qxe5 Rxe5 25. gxf5 Rxe3 26. fxg6+
Kxg6 27. Nf5 Re2 28. Rad1 Rc5 29. Rd6+ 1-0

[Event "Weekend A Epifania"]
[Site "Torino ITA"]
[Date "2007.01.??"]
[Round "3"]
[White "Forno, Roberto"]
[Black "De Barberis, Massimo"]
[Result "0-1"]
[WhiteElo "1955"]
[BlackElo "2104"]
[PlyCount "80"]
[EventDate "2007.01.03"]

1. d4 Nf6 2. Bg5 e6 3. e4 h6 4. Bxf6 Qxf6 5. Nf3 d6 6. Nc3 Nd7 7. Be2 g6 8. O-O
Bg7 9. Qd2 O-O 10. Rad1 Qe7 11. Rfe1 a6 12. a4 b6 13. d5 e5 14. b4 a5 15. Nb5
Nf6 16. Bf1 Bg4 17. Re3 Rfc8 18. bxa5 Rxa5 19. Nc3 Bd7 20. Bb5 Bxb5 21. axb5
Nd7 22. Ne1 Bf6 23. Qe2 Bg5 24. Rf3 Rca8 25. Nd3 Ra1 26. Nb4 Nc5 27. g3 R8a3
28. h4 Bc1 29. Nc6 Qd7 30. Kg2 Bb2 31. Nb1 Rxf3 32. Qxf3 Kg7 33. g4 Ra4 34. Re1
Rc4 35. c3 f5 36. gxf5 gxf5 37. exf5 Kf6 38. Qe2 Rxh4 39. Qxb2 Qg7+ 40. Kf1 Qg4
0-1

[Event "Weekend A Epifania"]
[Site "Torino ITA"]
[Date "2007.01.??"]
[Round "3"]
[White "Fortino, Fabrizio"]
[Black "Nardelli, Marco"]
[Result "1-0"]
[WhiteElo "2076"]
[BlackElo "2139"]
[PlyCount "119"]
[EventDate "2007.01.03"]

1. d4 Nf6 2. c4 e6 3. Nf3 b6 4. g3 Ba6 5. b3 Bb4+ 6. Bd2 Be7 7. Bg2 Bb7 8. O-O
O-O 9. Bc3 d5 10. Nbd2 Nbd7 11. Re1 Ne4 12. Nxe4 dxe4 13. Nd2 f5 14. e3 Qe8 15.
f3 Nf6 16. fxe4 fxe4 17. Rf1 Qg6 18. Bh3 Bd6 19. Bxe6+ Kh8 20. Qe2 Nh5 21. Bg4
Nxg3 22. hxg3 h5 23. Kg2 hxg4 24. Rh1+ Kg8 25. Nf1 Qg5 26. a3 Rf3 27. Be1 Raf8
28. Ra2 R8f6 29. a4 Rh6 30. Rxh6 Qxh6 31. Kg1 Bc8 32. Qh2 Qf6 33. Rf2 Be6 34.
Qh5 g6 35. Qh2 c6 36. Qg2 Qg5 37. Rxf3 gxf3 38. Qh2 b5 39. axb5 cxb5 40. c5 Bc7
41. b4 Bc4 42. Qh4 Qxh4 43. gxh4 Bxf1 44. Kxf1 Kf7 45. d5 Be5 46. Kf2 Ke7 47.
Kf1 Bf6 48. Kg1 Kd7 49. Kf1 Be7 50. Bg3 Bf6 51. c6+ Kc8 52. d6 Bc3 53. Bf4 Bf6
54. Bg3 Bc3 55. d7+ Kd8 56. h5 g5 57. h6 a6 58. Bd6 g4 59. Bf4 Bf6 60. h7 1-0

[Event "Weekend A Epifania"]
[Site "Torino ITA"]
[Date "2007.01.??"]
[Round "4"]
[White "Favoni, Matteo"]
[Black "Gallucci, Alessio"]
[Result "0-1"]
[WhiteElo "1672"]
[BlackElo "1910"]
[PlyCount "78"]
[EventDate "2007.01.03"]

1. d4 d5 2. c4 c6 3. Nf3 e6 4. Nc3 Nf6 5. Bg5 dxc4 6. e4 b5 7. e5 h6 8. Bh4 g5
9. Nxg5 hxg5 10. Bxg5 Nbd7 11. exf6 Bb7 12. g3 Qb6 13. Bg2 O-O-O 14. O-O c5 15.
d5 b4 16. Na4 Qb5 17. a3 exd5 18. Bxd5 Bxd5 19. Qxd5 Qxa4 20. axb4 Nb6 21. Qxf7
Qd7 22. Rxa7 Qxf7 23. Rxf7 cxb4 24. Ra1 Bc5 25. Bf4 Rd7 26. Rxd7 Kxd7 27. Ra7+
Kc6 28. f7 Nd5 29. Be5 Bxa7 30. Bxh8 Bc5 31. Bg7 c3 32. bxc3 b3 33. c4 Nb6 34.
h4 Bf8 35. Bxf8 b2 36. Bg7 b1=Q+ 37. Kh2 Nd7 38. f8=Q Nxf8 39. Bxf8 Qf5 0-1